00524nam a2200157 a 450000100080000000500110000800800410001910000180006024500390007826000320011730000100014949000440015952001410020365000130034465300090035715050972024-09-02 1962 bl uuuu 00u1 u #d1 aTOCANTINS, L. aAcre, Rio Branco e espírito luso. aRio de Janeiro: SPVEAc1962 a61 p. a(Coleção Pedro Teixeira. Caderno, 5). aAcre, Rio Branco e espírito luso; A incorporação do Acre ao Brasil e o espírito expansionista português na política de Rio Branco. aHistoria aAcre